=LDR 00000nam 2200000 4500 =001 INLIS000000000000124 =005 20150116141748.0 =006 =007 =008 Ind =035 ##$$0010-061300000000124 =041 ##$$a Ind =082 ##$$a 915.598 =090 ##$$a 915.598 Geo =245 ##$$a Geografi budaya daerah Istimewa Aceh =260 ##$$aJakarta$bPusat Penelitian Sejarah dan Budaya Depdikbud$c1978 =300 ##$$a xviii, 209 hlm. : 21 cm =650 ##$$a Aceh =650 ##$$a Geografi Budaya =710 ##$$a Indonesia, Depdikbud =850 ##$$a NBPDMAT